header

Cabinets and first ministers (Record no. 84207)

MARC details
000 -LEADER
fixed length control field 01993nam a2200349Ia 4500
100 1# - MAIN ENTRY--AUTHOR NAME
Personal name White, Graham,
245 10 - TITLE STATEMENT
Title Cabinets and first ministers
260 ## - PUBLICATION, DISTRIBUTION, ETC. (IMPRINT)
Place of publication Vancouver :
Name of publisher UBC Press,
Year of publication 2005.
300 ## - PHYSICAL DESCRIPTION
Number of Pages xiv, 208 p.
490 1# - SERIES STATEMENT
Series statement Canadian democratic audit ;
520 1# - SUMMARY, ETC.
Summary, etc "Graham White renders a clear account of the development, structure, and operation of cabinet in Canada and the role of first ministers at the federal, provincial, and territorial levels. He discusses how the processes that support cabinet are affected by the considerable power of the first minister, and looks at the ways in which they permit the involvement of other elected members and the public." "Taking the view that characterizing our Westminster-style government as a benign dictatorship is an oversimplification, White examines first ministers and cabinets in terms of accountability and transparency and proposes realistic improvements to this vital aspect of Canadian democracy."
650 #0 - SUBJECT ADDED ENTRY--TOPICAL TERM
Topical Term Cabinet system
Topical Term Prime ministers
Topical Term Cabinet officers
Topical Term Power (Social sciences)
856 40 - ELECTRONIC LOCATION AND ACCESS
Uniform Resource Identifier http://site.ebrary.com/lib/rucke/Doc?id=10141296

No items available.

© 2026 Rongo University
Contact us: librarian | system librarian | Rongo university